| 000 | 00492nam a2200181Ia 4500 | ||
|---|---|---|---|
| 999 |
_c14221 _d14221 |
||
| 003 | OSt | ||
| 005 | 20201103130832.0 | ||
| 008 | 190216s9999||||xx |||||||||||||| ||und|| | ||
| 020 | _a8186939156 | ||
| 040 | _coclc | ||
| 082 |
_a823.912 _bANA/I |
||
| 100 |
_aAnand, Paro _96234 |
||
| 245 | 0 |
_aI'm Not Butter Chicken / _cParo Anand |
|
| 260 |
_bIndiaInk, _c2003. _aNew Delhi: |
||
| 300 | _a100p | ||
| 650 | _aEnglish | ||
| 942 |
_cBK _2ddc _h823.912 _iANA/I _k823.912 _mANA/I |
||